000 00390nam a22001697a 4500
003 MPLRDC
005 20220104143444.0
008 210129b ||||| |||| 00| 0 eng d
082 _a179.8 LJ
100 _a梁静编
245 _a身心自测面面观
_c
250 _a一版一刷
260 _a
_b山东人民出版社
_c1986
300 _b
650 _a
942 _cBK
_o179.8 LJ
999 _c40080
_d40070